MARC details
| 000 -LEADER |
| fixed length control field |
03350cam a2200457 i 4500 |
| 001 - CONTROL NUMBER |
| control field |
GVRL2WU4 |
| 003 - CONTROL NUMBER IDENTIFIER |
| control field |
MiFhGG |
| 005 - DATE AND TIME OF LATEST TRANSACTION |
| control field |
20250820004435.0 |
| 006 - FIXED-LENGTH DATA ELEMENTS--ADDITIONAL MATERIAL CHARACTERISTICS |
| fixed length control field |
m o d |
| 007 - PHYSICAL DESCRIPTION FIXED FIELD--GENERAL INFORMATION |
| fixed length control field |
cr un ---uuuua |
| 008 - FIXED-LENGTH DATA ELEMENTS--GENERAL INFORMATION |
| fixed length control field |
191219t20202020cau ob 001 0 eng d |
| 020 ## - INTERNATIONAL STANDARD BOOK NUMBER |
| International Standard Book Number |
9781440868573 |
| Qualifying information |
(electronic book) |
| 020 ## - INTERNATIONAL STANDARD BOOK NUMBER |
| Canceled/invalid ISBN |
9781440868566 |
| Qualifying information |
(hardcover) |
| 035 ## - SYSTEM CONTROL NUMBER |
| System control number |
(OCoLC)1137737437 |
| 040 ## - CATALOGING SOURCE |
| Original cataloging agency |
MiFhGG |
| Language of cataloging |
eng |
| Transcribing agency |
MiFhGG |
| Description conventions |
rda |
| -- |
pn |
| 050 #4 - LIBRARY OF CONGRESS CALL NUMBER |
| Classification number |
BL65.E36 |
| Item number |
S86 2020 |
| 100 1# - MAIN ENTRY--PERSONAL NAME |
| Personal name |
Stone, Lora, |
| Relator term |
author. |
| 245 10 - TITLE STATEMENT |
| Title |
Religion and environmentalism : |
| Remainder of title |
exploring the issues / |
| Statement of responsibility, etc. |
Lora Stone. |
| 250 ## - EDITION STATEMENT |
| Edition statement |
First edition. |
| 264 #1 - PRODUCTION, PUBLICATION, DISTRIBUTION, MANUFACTURE, AND COPYRIGHT NOTICE |
| Place of production, publication, distribution, manufacture |
Santa Barbara, California : |
| Name of producer, publisher, distributor, manufacturer |
ABC-CLIO, an imprint of ABC-CLIO, LLC, |
| Date of production, publication, distribution, manufacture, or copyright notice |
[2020] |
| 264 #4 - PRODUCTION, PUBLICATION, DISTRIBUTION, MANUFACTURE, AND COPYRIGHT NOTICE |
| Date of production, publication, distribution, manufacture, or copyright notice |
�2020 |
| 300 ## - PHYSICAL DESCRIPTION |
| Extent |
1 online resource (xxxiv, 195 pages). |
| 336 ## - CONTENT TYPE |
| Content type term |
text |
| Content type code |
txt |
| Source |
rdacontent |
| 337 ## - MEDIA TYPE |
| Media type term |
computer |
| Media type code |
c |
| Source |
rdamedia |
| 338 ## - CARRIER TYPE |
| Carrier type term |
online resource |
| Carrier type code |
cr |
| Source |
rdacarrier |
| 490 1# - SERIES STATEMENT |
| Series statement |
Religion in politics and society today |
| 490 0# - SERIES STATEMENT |
| Series statement |
Gale eBooks |
| 504 ## - BIBLIOGRAPHY, ETC. NOTE |
| Bibliography, etc. note |
Includes bibliographical references and index. |
| 505 0# - FORMATTED CONTENTS NOTE |
| Formatted contents note |
Alliance of Religions and Conservation -- Animism -- Assisi Declarations -- Bartholomew I of Constantinople -- Biodiversity -- Buddhism -- Christianity -- Climate change -- Dalai Lama -- Daoism -- Deforestation -- Ecofeminism -- Ecotheology -- Energy -- Environmental justice -- Evangelical Environmental Network -- Folk religions -- Food security -- Francis of Assisi -- Gaia hypothesis -- Green Pilgrimage Network -- Greening of religion hypothesis -- Hinduism -- Hydraulic fracturing -- Interfaith power and light -- Islam -- Islamic Foundation for Ecology and Environmental Sciences -- Jainism -- Judaism -- Laudato Si' -- Marine conservation -- National Religious Partnership for the Environment -- Nature religions -- New Age Movement -- Overpopulation -- Paganism -- Paris Agreement -- Pollution -- Pope Francis I -- Religious Environmental Movement -- Religious naturalism -- Shinto -- Shiva, Vandana -- Sikhism -- Socially responsible investment -- Soil conservation -- Sustainability -- Teilhard de Chardin, Pierre -- Traditional ecological knowledge -- Vegetarianism -- Water -- White, Lynn Townsend, Jr. -- World Council of Churches. |
| 520 ## - SUMMARY, ETC. |
| Summary, etc. |
This book discusses religiously motivated environmentalism, with both a global overview of the subject and a detailed discussion of key figures, concepts, organizations, events, and documents. It explores the history and context of religious environmentalism and its significance today. Includes a chronology of important events, entries with information about people, places, events, movements, works, and other topics, cross-references, further resources, and bibliography. |
| 588 ## - SOURCE OF DESCRIPTION NOTE |
| Source of description note |
Description based on print version record. |
| 650 #0 - SUBJECT ADDED ENTRY--TOPICAL TERM |
| Topical term or geographic name entry element |
Human ecology |
| General subdivision |
Religious aspects. |
| 650 #0 - SUBJECT ADDED ENTRY--TOPICAL TERM |
| Topical term or geographic name entry element |
Environmentalism |
| General subdivision |
Religious aspects. |
| 650 #0 - SUBJECT ADDED ENTRY--TOPICAL TERM |
| Topical term or geographic name entry element |
Environmental responsibility |
| General subdivision |
Religious aspects. |
| 710 2# - ADDED ENTRY--CORPORATE NAME |
| Corporate name or jurisdiction name as entry element |
Gale (Firm) |
| 776 08 - ADDITIONAL PHYSICAL FORM ENTRY |
| Relationship information |
Print version: |
| Title |
Religion and environmentalism. |
| Place, publisher, and date of publication |
Santa Barbara, California : ABC-CLIO, an imprint of ABC-CLIO, LLC, [2020] |
| International Standard Book Number |
9781440868566 |
| Record control number |
(DLC) 2019057088 |
| 830 #0 - SERIES ADDED ENTRY--UNIFORM TITLE |
| Uniform title |
Religion in politics and society today. |
| 856 40 - ELECTRONIC LOCATION AND ACCESS |
| Uniform Resource Identifier |
<a href="https://link.gale.com/apps/pub/2WU4/GVRL?sid=gale_marc&u=phurs">https://link.gale.com/apps/pub/2WU4/GVRL?sid=gale_marc&u=phurs</a> |
| Public note |
Available via Gale eBooks. Click here to access |
| 912 ## - |
| -- |
2WU4 |
| 942 ## - ADDED ENTRY ELEMENTS (KOHA) |
| Source of classification or shelving scheme |
Library of Congress Classification |
| Koha item type |
E-Book |